000
00291nam a2200097Ia 4500
008
240331s9999 xx 000 0 und d
082
_b
PER
100
_a
Perera, S
245
0
_a
Stories of survivors :
_b
socio-political contexts of female headed households in pot terror Sri Lanka-Vol
942
_c
L
999
_c
2205
_d
2205